Долг: первые 5000 лет истории (Запись № 11188260)

Подробности
000 -МАРКЕР
контрольное поле 01745nam0a2200421 i 4500
001 - ИДЕНТИФИКАТОР ЗАПИСИ
контрольное поле RU\NLR\BIBL_A\011662208
005 - ИДЕНТИФИКАТОР ВЕРСИИ
контрольное поле 20241103095625.0
010 ## - МЕЖДУНАРОДНЫЙ СТАНДАРТНЫЙ НОМЕР КНИГИ (ISBN)
Номер (ISBN) 9785911032999
035 ## - ДРУГИЕ СИСТЕМНЫЕ НОМЕРА
Идентификатор записи (NLR Aleph) 011662208
100 ## - ДАННЫЕ ОБЩЕЙ ОБРАБОТКИ
Данные общей обработки 20180321d2016 u y0rusy50 ca
101 1# - ЯЗЫК РЕСУРСА
Язык текста, звукозаписи и т.д. русский
Язык оригинала английский
102 ## - СТРАНА ПУБЛИКАЦИИ ИЛИ ПРОИЗВОДСТВА
Страна публикации Российская Федерация
105 ## - ПОЛЕ КОДИРОВАННЫХ ДАННЫХ: ТЕКСТОВЫЕ МАТЕРИАЛЫ, МОНОГРАФИЧЕСКИЕ
Кодированные данные о монографическом текстовом документе a|||z|||001zy
200 1# - ЗАГЛАВИЕ И СВЕДЕНИЯ ОБ ОТВЕТСТВЕННОСТИ
Основное заглавие Долг: первые 5000 лет истории
Первые сведения об ответственности Дэвид Гребер
Последующие сведения об ответственности [перевод с английского: Александр Дунаев]
210 ## - ПУБЛИКАЦИЯ, РАСПРОСТРАНЕНИЕ И ДР.
Место издания, распространения и т.д. Москва
Имя издателя, распространителя и т. д. Ад Маргинем Пресс
-- Александр Иванов, Михаил Котомин
Дата издания, распространения и т.д. 2016
215 ## - ФИЗИЧЕСКАЯ ХАРАКТЕРИСТИКА
Специфическое обозначение материала и объем 614 с.
Другие сведения о физической характеристике ил.
Размеры 24
300 ## - ОБЩИЕ ПРИМЕЧАНИЯ
Текст примечания Загл. и авт. ориг.: Debt / David Graeber
300 ## - ОБЩИЕ ПРИМЕЧАНИЯ
Текст примечания Загл. корешка: Долг
300 ## - ОБЩИЕ ПРИМЕЧАНИЯ
Текст примечания На обороте тит. л. авт.: Гребер Дэвид, антрополог, проф.
320 ## - ПРИМЕЧАНИЯ О НАЛИЧИИ В ДОКУМЕНТЕ БИБЛИОГРАФИИ / УКАЗАТЕЛЯ
Текст примечания Библиогр.: с. 570-614 и в тексте примеч. с. 486-551
320 ## - ПРИМЕЧАНИЯ О НАЛИЧИИ В ДОКУМЕНТЕ БИБЛИОГРАФИИ / УКАЗАТЕЛЯ
Текст примечания Указ.: с. 552-569
454 #0 - ОРИГИНАЛ (ПЕРЕВОДА)
Встроенное поле 2001#$aDebt$fDavid Graeber
-- 700#1$aGraeber$bD.$gDavid
Заглавие Debt
Автор Graeber, David
516 1# - ЗАГЛАВИЕ НА КОРЕШКЕ [ИЗДАНИЯ]
Заглавие на корешке Долг
606 1# - НАИМЕНОВАНИЕ ТЕМЫ КАК ПРЕДМЕТ
Наименование темы Долги
Системный номер авторитетной/нормативной записи 988156
Идентификатор авторитетной/нормативной записи RU\NLR\AUTH\66372882
606 1# - НАИМЕНОВАНИЕ ТЕМЫ КАК ПРЕДМЕТ
Наименование темы Кредит
Тематический подзаголовок История
Системный номер авторитетной/нормативной записи 2482111
Идентификатор авторитетной/нормативной записи RU\NLR\AUTH\661473359
606 ## - НАИМЕНОВАНИЕ ТЕМЫ КАК ПРЕДМЕТ
Наименование темы Меновая торговля
Системный номер авторитетной/нормативной записи 1588336
Идентификатор авторитетной/нормативной записи RU\NLR\AUTH\66697801
606 ## - НАИМЕНОВАНИЕ ТЕМЫ КАК ПРЕДМЕТ
Наименование темы Экономическая история
Системный номер авторитетной/нормативной записи 1013597
Идентификатор авторитетной/нормативной записи RU\NLR\AUTH\66386241
686 ## - ИНДЕКСЫ ДРУГИХ КЛАССИФИКАЦИЙ
Индекс 63.3(0)-2
Издание LBC/PL
Код системы
686 ## - ИНДЕКСЫ ДРУГИХ КЛАССИФИКАЦИЙ
Индекс 65.262-03
Издание LBC/PL
Код системы
686 1# - ИНДЕКСЫ ДРУГИХ КЛАССИФИКАЦИЙ
Индекс У26(0)22
686 1# - ИНДЕКСЫ ДРУГИХ КЛАССИФИКАЦИЙ
Индекс У03(0)
686 1# - ИНДЕКСЫ ДРУГИХ КЛАССИФИКАЦИЙ
Индекс У010.1
700 #1 - ИМЯ ЛИЦА - ПЕРВИЧНАЯ ОТВЕТСТВЕННОСТЬ
Начальный элемент ввода Гребер
Часть имени, кроме начального элемента ввода Д.
Расширение инициалов личного имени Дэвид
942 ## - ДОПОЛНИТЕЛЬНЫЕ ЭЛЕМЕНТЫ ЗАПИСИ (АБИС)
Тип экземпляра АБИС Книга
980 ## - КОЛЛЕКЦИЯ
Название коллекции НБР

Нет доступных экземпляров.